Analytische stellenalgebren

Αποθηκεύτηκε σε:
Λεπτομέρειες βιβλιογραφικής εγγραφής
Κύριος συγγραφέας: Grauert, Hans 1930-
Άλλοι συγγραφείς: Remmert, Reinhold
Μορφή: Βιβλίο
Γλώσσα:German
Δημοσίευση: Berlin : Springer-Verlag, 1971
Σειρά:Grundlehren der mathematischen Wissenschaften in Einzeldarstellungen mit besonderer Berucksichtigung der Anwendungsgebiete ; ; 176
Θέματα:
Ετικέτες: Προσθήκη ετικέτας
Δεν υπάρχουν, Καταχωρήστε ετικέτα πρώτοι!

MARC

LEADER 00000nam a2200000 i 4500
001 1/53084
008 980827s1971 ger d
020 |a 3-540-05121-X 
035 |l 10044610 
040 |a GR-MY-UA  |b gre  |e aacr 
041 0 |a ger 
082 0 |a 512.55 
100 1 |a Grauert, Hans  |d 1930- 
245 1 0 |a Analytische stellenalgebren /  |c H. Grauert, R. Remmert 
260 |a Berlin :   |b Springer-Verlag,   |c 1971 
300 |a ix, 240 p.;  |c 24 cm. 
490 1 |a Grundlehren der mathematischen Wissenschaften in Einzeldarstellungen mit besonderer Berucksichtigung der Anwendungsgebiete  |v ; 176 
500 |a Includes bibliography 
650 0 0 |a Functions of several complex variables. 
650 0 0 |a Power series. 
650 0 0 |a Commutative rings. 
700 1 |a Remmert, Reinhold. 
830 0 |a Grundlehren der mathematischen Wissenschaften in Einzeldarstellungen mit besonderer Berucksichtigung der Anwendungsgebiete ;  |v ; 176 
852 |a INST  |b SAMOS  |e 19980827  |h 512.55 GRA  |p 005300009651  |q 005300009651  |t BK  |y 0 
901 |a BIBL-1998-2 
909 |a Σ  |b 041586 
922 |a 3ΕΛΗ  |b 199808  |c ΒΙΒΛΙΟΘΗΚΗ  |d ΚΩΣΤΑΡΑΚΗΣ